| 000 | 00588nam a2200133Ia 4500 | ||
|---|---|---|---|
| 008 | 220620s9999||||xx |||||||||||||| ||und|| | ||
| 100 | _aField, Brian | ||
| 245 | 0 |
_aBurgas _bPlanning a Black Sea smart city (Volume 5) |
|
| 546 | _aEnglish[eng] | ||
| 650 | _aBusiness & Economics||Finance | ||
| 700 | _aEuropean Investment Bank | ||
| 856 | _uhttps://library.oapen.org/bitstream/20.500.12657/47446/1/QH0418862ENN.en.pdf||https://library.oapen.org/bitstream/20.500.12657/47446/1/QH0418862ENN.en.pdf||https://library.oapen.org/bitstream/20.500.12657/47446/1/QH0418862ENN.en.pdf | ||
| 942 | _cEB | ||
| 999 |
_c21632 _d21632 |
||